Регионална библиотека "Любен Каравелов" - Русе

Облаци (Запис номер 187241)

MARC детайли
000 -Лидер
Контролно поле с фиксирана дължина 01421nam a2200337 c 4500
003 - Код на организацията, давaща контролен номер
Контролно поле BLK
005 - Дата и час на последна редакция
Контролно поле 20191003085026.0
008 - Елементи от данни с фиксирана дължина
fixed length control field 180411b bul|||||r ||||||| ||bul||
010 ## - Наследен системен номер
LC control number KNG00196248000
040 ## - Източник на каталожния запис
Идентификатор на билиотеката - собственик на записа BLK
041 ## - Код за език
Код за езика на текст/звукозапис или на отделно заглавие Български
Код за езика КДБФ Български
072 #7 - Код за тематичната категория
Код организация bullib
Код за тематична категория А
Текст Фонд Михаил Арнаудов
080 ## - УДК
Текстов определител УДК Класическа гръцка литература. Старогръцка литература
УДК код - определител по УДК 821.142
УДК определител -22
УДК - код + определител 821.142-22
100 1# - Редна дума - Автор
Автор Аристофан
Авторска отговорност първи автор
R(LIN) 33430
139 ## - Редно поле
Редна дума Аристофан
Авторски знак Ари - А 84
245 10 - Сведения за заглавието
Заглавие Облаци
Подзаглавни данни Комедия
Редно поле (дума) Аристофан; прев. от ориг. Александър Михайлов Балабанов.
250 ## - Област на изданието
Сведения за изданието 3. изд.
257 ## - Страна на издаване
Страна на създаване/издаване Древна Гърция
260 ## - Област на издателските данни
Име на издателя, разпространителя и проч. Александър Паскалев
Година на издаване 1925
Печатница София : Фотинов
300 ## - Физическа характеристика
Страници 88 с.
Размери/Мащаб 15 см
380 ## - Жанр
Жанр Худож. лит.
490 1# - СЕРИИ (Колекции)
Име на серия Всемирна библиотека
№: серия 164
490 ## - СЕРИИ (Колекции)
Име на серия Частна колекция - Академик Михаил Арнаудов
9 (RLIN) 396381
Бележки за серията Дарение - Основен фонд
500 ## - Общи забележки
Забележка 1. изд. 1915. - На кор. означено 4. изд. - Фонд Михаил Арнаудов - мека подв.
659 ## - Тематичен бюлетин
Тематичен бюлетин А
700 1# - Други автори (авторска отговорност)
Лично име Балабанов, Александър Михайлов
Автороска отговорност (Описва отношението между автора и произведението) прев. от ориг.
9 (RLIN) 368000
852 ## - Местоположение
Форматна сигнатура Цб І 36974
852 ## - Местоположение
Форматна сигнатура МА 1671
856 4# - Електронен адрес и достъп
Електронен формат pdf - файл
856 4# - Електронен адрес и достъп
Електронен формат pdf - файл
999 ## - СИСТЕМНИ КОНТРОЛНИ НОМЕРА
Koha biblionumber 187241
Koha biblioitemnumber 187241
942 ## - АРТИКУЛИ
Вид на библиотечния материал Книги
Скрит в OPAC Не
Периодичен библиозапис Да
944 ## - СЪЗДАВАНЕ И РЕДАКЦИЯ на ЗАПИСА
Създаване/Редакция Създаване
Дата на регистрацията/редакция 16.11.2016
Служител, извършил регистрацията/редакцията Геновева_Генчева
944 ## - СЪЗДАВАНЕ И РЕДАКЦИЯ на ЗАПИСА
Създаване/Редакция Редакция
Дата на регистрацията/редакция 16.11.2016
Служител, извършил регистрацията/редакцията Геновева_Генчева
999 ## - СИСТЕМНИ КОНТРОЛНИ НОМЕРА
Koha biblioitemnumber 187241
Наличности
Код за отписване Код за изгубен артикул Източник на класификационната схема Код за повреда Коз за рестрикции Код за отдаване Артикулен № Име на библиотеката - собственик Име на библиотеката, в която се намира в момента Статус (Текущо местоположение) Дата на вписване в системата Местоположение - отдел Цена в лева Инвентарен номер Систематично азбучна сигнатура Баркод Номер на екземпляра Цена в евро Служебна бележка Служебен тип на артикула
  Не е изгубен Universal Decimal Classification Не е повреден без рестрикции ползва се в читалня 326725 Регионална библиотека "Любен Каравелов" Русе Регионална библиотека "Любен Каравелов" Русе Хранилище 1925-01-01 Основен фонд - ползва се само за читалня 0.09 29831-г Цб І 36974 900000023417 1 0.05 N: стар фонд Дата: 01.01.1925 Книги
  Не е изгубен Universal Decimal Classification Не е повреден само за читалня Специални фондове ( старопечатни, редки и ценни, фонд М. Арнаудов) 326726 Регионална библиотека "Любен Каравелов" Русе Регионална библиотека "Любен Каравелов" Русе Фонд "Михаил Арнаудов" 1973-01-01 Фонд "Михаил Арнаудов" 10.00 589115 МА 1671 120000589115 2 5.11 Дост: DA Вид: А N: стар фонд Дата: 01.01.1973 Книги
Vip Innovations Ltd, Rousse, Bulgaria 2025